00426nam a2200145 4500003000900000005001700009008004100026020003000067040001300097082001800110100001700128245004800145260004800193650003900241SEACOMEC20241223132249.0240507b |||||||| |||| 00| 0 eng d a 9780199491476cRs.265.00 aSEACOMEC a005.133bD528 a Dey, Pradip1 aProgramming in C /cPradip Dey, Manas Ghosh a New Delhi b Oxford University Pressc2007 a Computer science and engineering